It would be night in Caracas / Karina Sainz Borgo ... Read More
Available copies
- 1 of 1 copy available at LARL/NWRL Consortium.
- 1 of 1 copy available at Lake Agassiz Regional Library. (Show preferred library)
Current holds
0 current holds with 1 total copy.
Show Only Available Copies
| Location | Call Number / Copy Notes | Barcode | Shelving Location | Status | Due Date |
|---|---|---|---|---|---|
| Crookston Public Library | SAI (Text) | 33500013149091 | Main | Available | - |
Record details
- ISBN: 9780062936868
- ISBN: 0062936867
- ISBN: 9780062936851
- ISBN: 0062936859
- Physical Description: 229 pages ; 22 cm
- Edition: First edition.
- Publisher: New York, NY : HarperVia, an imprint of HarperCollinsPublishers, [2019]
Content descriptions
| General Note: | Translated from the Spanish. "Originally published as La hija de la espanola in Spain in 2019 by Lumen"--Title page verso. |
| Summary, etc.: | "In Caracas, Venezuela, Adelaida Falcón stands ... Read More |
Search for related items by subject
| Genre: | Political fiction. |
| LDR | 03254cam a22005898i 4500 | ||
|---|---|---|---|
| 001 | 330724 | ||
| 003 | LARL_NWRL_CONSORTIUM | ||
| 005 | 20191024143756.0 | ||
| 008 | 190403s2019 nyu 000 1 eng | ||
| 010 | . | ‡a 2019013246 | |
| 040 | . | ‡aDLC ‡beng ‡erda ‡cDLC ‡dYDX ‡dOCLCO ‡dBDX ‡dLIV ‡dOCLCO ‡dIUO ‡dMBT ‡dUAP ‡dJAS ‡dVP@ ‡dTCH | |
| 019 | . | ‡a1085631664 ‡a1091659755 ‡a1124534123 | |
| 020 | . | ‡a9780062936868 ‡q(hardcover) | |
| 020 | . | ‡a0062936867 ‡q(hardcover) | |
| 020 | . | ‡a9780062936851 ‡q(trade pbk.) | |
| 020 | . | ‡a0062936859 ‡q(trade pbk.) | |
| 035 | . | ‡a(OCoLC)1091655938 ‡z(OCoLC)1085631664 ‡z(OCoLC)1091659755 ‡z(OCoLC)1124534123 | |
| 041 | . | ‡aeng ‡hspa | |
| 042 | . | ‡apcc | |
| 043 | . | ‡as-ve--- | |
| 082 | 0 | 0. | ‡a863/.7 ‡223 |
| 100 | 1 | . | ‡aSainz Borgo, Karina, ‡d1982- ‡eauthor. |
| 240 | 1 | 0. | ‡aHija de la espanola ‡lEnglish |
| 245 | 1 | 0. | ‡aIt would be night in Caracas / ‡cKarina Sainz Borgo ; translated from the Spanish by Elizabeth Bryer. |
| 250 | . | ‡aFirst edition. | |
| 264 | 1. | ‡aNew York, NY : ‡bHarperVia, an imprint of HarperCollinsPublishers, ‡c[2019] | |
| 300 | . | ‡a229 pages ; ‡c22 cm | |
| 336 | . | ‡atext ‡btxt ‡2rdacontent | |
| 337 | . | ‡aunmediated ‡bn ‡2rdamedia | |
| 338 | . | ‡avolume ‡bnc ‡2rdacarrier | |
| 500 | . | ‡aTranslated from the Spanish. | |
| 500 | . | ‡a"Originally published as La hija de la espanola in Spain in 2019 by Lumen"--Title page verso. | |
| 520 | . | ‡a"In Caracas, Venezuela, Adelaida Falcón stands over an open grave. Alone, she buries her mother--the only family she has ever known--and worries that when night falls thieves will rob the grave. Even the dead cannot find peace here. Adelaida had a stable childhood in a prosperous Venezuela that accepted immigrants in search of a better life, where she lived with her single-mother in a humble apartment. But now? Every day she lines up for bread that will inevitably be sold out by the time she reaches the registers. Every night she tapes her windows to shut out the tear gas raining down on protesters. When looters masquerading as revolutionaries take over her apartment, Adelaida must make a series of gruesome choices in order to survive in a country disintegrating into anarchy, where citizens are increasingly pitted against each other. But just how far is she willing to go?" -- ‡cpublisher's description. | |
| 650 | 0. | ‡aRevolutionaries ‡zVenezuela ‡zCaracas ‡vFiction. | |
| 650 | 0. | ‡aMothers ‡xDeath ‡vFiction. ‡0(LARL_NWRL_CONSORTIUM)166023 | |
| 651 | 0. | ‡aCaracas (Venezuela) ‡vFiction. | |
| 651 | 0. | ‡aVenezuela ‡vFiction. | |
| 650 | 7. | ‡aFICTION / Literary. ‡2bisacsh | |
| 650 | 7. | ‡aFICTION / Hispanic & Latino. ‡2bisacsh | |
| 650 | 7. | ‡aFICTION / Political. ‡2bisacsh | |
| 655 | 7. | ‡aPolitical fiction. ‡2lcgft | |
| 700 | 1 | . | ‡aBryer, Beth, ‡d1986- ‡etranslator. |
| 776 | 0 | 8. | ‡iOnline version: ‡aSainz Borgo, Karina, 1982- ‡tIt would be night in Caracas ‡bFirst edition. ‡dNew York, NY : HarperCollins Publishers, [2019] ‡z9780062936899 ‡w(DLC) 2019016767 |
| 901 | . | ‡a330724 ‡bOCoLC ‡c330724 ‡tbiblio ‡soclc | |

Add to basket
Permalink
Disable Highlighting